| 000 | 02507cas a2200517 a 4500 | ||
|---|---|---|---|
| 001 | 13622662 | ||
| 005 | 20060504050405.0 | ||
| 008 | 990223c19979999dcuhr1 0 a0eng d | ||
| 010 |
_asn 99038371 _z 00700500 _z 2003273170 |
||
| 020 | _a9780071498968 | ||
| 020 | _a0071498966 | ||
| 022 | 0 | _a1550-820X | |
| 035 | _a(OCoLC)ocm40845440 | ||
| 037 | _bInternational Code Council, 5203 Leesburg Pike, Suite 600, Falls Church, VA 22041-3401 | ||
| 040 |
_aNjTAG _cNjTAG _dOCl _dMCM _dDLC _dNSDP _dDLC |
||
| 042 |
_ansdp _alcd |
||
| 050 | 0 | 0 |
_aK3542 _b.I54 |
| 082 | 1 | 0 |
_a343 _220 _bWOO |
| 210 | 0 | _aInt. fuel gas code | |
| 222 | 0 | _aInternational fuel gas code | |
| 245 | 0 | 0 |
_aInternational fuel gas code Companion : _bInterpretation, Tactics, And Teschniques / _cR. Dodge Woodson. |
| 260 |
_aNew York : _bMcGraw-Hill, _cc.2008. |
||
| 300 |
_av. : _bill. ; _c28 cm. |
||
| 310 | _aTriennial | ||
| 362 | 0 | _a1997- | |
| 500 | _aPublished: Washington, D.C., 2000- | ||
| 500 | _aLatest issue consulted: 2006. | ||
| 550 | _aPrepared by a development committee appointed by the ICC and consisting of representatives of BOCA, ICBO, SBCCI, and the gas industry. | ||
| 580 | _aHas supplement: Supplement to the international codes, 2001; Accumulative supplement to the international codes, 2002. | ||
| 650 | 0 |
_aGas _xLaw and legislation. _94909 |
|
| 650 | 0 |
_aGas-fitting _xLaw and legislation. _94910 |
|
| 650 | 0 |
_aBuilding laws. _94911 |
|
| 710 | 2 |
_aAmerican Gas Association. _94912 |
|
| 710 | 2 |
_aInternational Code Council. _94913 |
|
| 710 | 2 |
_aBuilding Officials and Code Administrators International. _94914 |
|
| 710 | 2 |
_aInternational Conference of Building Officials. _94915 |
|
| 710 | 2 |
_aSouthern Building Code Congress International. _94916 |
|
| 770 | 1 |
_tSupplement to the international codes _w(DLC) 2004208749 _w(OCoLC)47016159 |
|
| 770 | 1 |
_tAccumulative supplement to the international codes _x1550-0675 _w(DLC) 2004208577 _w(OCoLC)50881101 |
|
| 770 | 0 |
_tInternational fuel gas code commentary _x1550-8218 _w(DLC) 2004209778 _w(OCoLC)54980898 |
|
| 787 | 0 |
_tFinal action agenda for the proposed changes to the ... editions of the ... _w(DLC) 2005211378 _w(OCoLC)62162360 |
|
| 942 |
_2ddc _cBB |
||
| 999 |
_c11566 _d11566 |
||